Discursos pronunciados en la sesión que se celebró el día 31 de diciembre de 1910 en el salón de actos del Círculo Conservador. (Record no. 170648)

MARC details
000 -LEADER
campo de control de longitud fija 00863nam a2200157 i 4500
001 - NÚMERO DE CONTROL
campo de control 170648
003 - IDENTIFICADOR DE NÚMERO DE CONTROL
campo de control ES-MaACL
005 - FECHA Y HORA DE LA ÚLTIMA TRANSACCIÓN
campo de control 20230906214426.0
008 - DATOS DE LONGITUD FIJA--INFORMACIÓN GENERAL
campo de control de longitud fija 090326s1911 sp |||| | spa d
245 00 - MENCIÓN DEL TÍTULO
Título Discursos pronunciados en la sesión que se celebró el día 31 de diciembre de 1910 en el salón de actos del Círculo Conservador.
260 ## - PUBLICACIÓN, DISTRIBUCIÓN, ETC.
Lugar de publicación, distribución, etc. Madrid :
Nombre del editor, distribuidor, etc. [s.n.],
Fecha de publicación, distribución, etc. 1911 (
Fabricante Imp. y encuadernación de Espinosa y Lamas)
300 ## - DESCRIPCIÓN FÍSICA
Extensión 38 p. ;
Dimensiones 17 cm.
500 ## - NOTA GENERAL
Nota general Precede al tít.: Juventud Conservadora de Madrid.
500 ## - NOTA GENERAL
Nota general En la cubierta: Homenaje de la Juventud Conservadora al Partido Conservador y á su jefe D. Antonio Maura. Extracto taquigráfico de los discursos pronunciados en la sesión que se celebró el día 10 de diciembre de 1910 en el Salón de actos del Círculo Conservador.
852 ## - LOCALIZACIÓN
Ubicación ES-MaACL
Número de control de estantería Armario 18
Encuadernación .- Olim: T-1421-F-8
Holdings
Estatus retirado Estado de pérdida Estado de daño No para préstamo Biblioteca de origen Biblioteca actual Ubicación en estantería Fecha de adquisición Fuente de adquisición Total de préstamos Signatura topográfica completa Código de barras Visto por última vez Precio de reemplazo Tipo de ítem Koha
        Biblioteca del Ateneo de Madrid Biblioteca del Ateneo de Madrid Depósito 26/03/2009     Armario 18 1179085 23/02/2023 23/02/2023 Libro impreso